Football : Les meilleurs buteurs du PSG en LDC au 21ème siècle - Statistiques

Statistiques générales
  • Ce quiz a été pris 246 fois
  • Le résultat moyen est 8 sur 10
Statistiques - réponses
Buts Pays Joueur % Correct
30 Uruguay Edinson Cavani
100%
42 France Kylian Mbappé
100%
20 Suède Zlatan Ibrahimovic
100%
22 Brésil Neymar
98%
14 Argentine Angel Di Maria
93%
9 Argentine Lionel Messi
87%
10 France Ousmane Dembélé
80%
10 Brésil Marquinhos
67%
6 Portugal Nuno Mendes
63%
7 Argentine Ezequiel Lavezzi
54%
Aucun quiz correspondant
Distribution des résultats
% des personnes avec chaque résultat
Percentile par nombre de réponses
Votre historique - résultats
Vous n’avez pas pris ce quiz